La culpabilidad en Derecho Penal

Saved in:
書目詳細資料
主要作者: Binding, Karl (Author)
格式: 圖書
語言:西班牙语
出版: Montevideo B de F Ltda 2009
叢編:Maestros del Derecho Penal, 30
主題:
標簽: 添加標簽
沒有標簽, 成為第一個標記此記錄!

MARC

LEADER 00000cam a2200000 a 4500
001 UCG8870
003 CL-VaPUC
008 120106e20090000UY |||||||||||||||||spa|d
020 |a 9789974676275 
082 0 4 |a 345  |b BIN  |2 21 
100 0 |a Binding, Karl  |e author  |9 560128 
245 1 3 |a La culpabilidad en Derecho Penal 
300 |a 165 p 
942 |c BK 
945 |d 20120106 00:00:00  |a dcastane 
260 |a Montevideo  |b B de F Ltda  |c 2009 
650 7 |a DERECHO PENAL  |2 CL-VaPUC  |9 11 
650 7 |a CULPABILIDAD  |2 CL-VaPUC  |9 351694 
650 0 |a Responsabilidad penal  |9 254899 
583 |a last modification  |c 20120106 11:45:00  |k Rodrigo Vera 
490 0 |a Maestros del Derecho Penal, 30 
999 |c 346458  |d 346456 
952 |0 0  |1 0  |4 0  |6 345_000000000000000_BIN_2009  |7 0  |8 A  |9 447147  |a BIBDER  |b BIBDER  |d 2019-11-22  |i 4817060  |l 3  |o 345 BIN 2009  |p 4817060  |r 2023-10-25  |s 2023-10-25  |w 2019-11-22  |y BK  |k DER